The new instruction librarian : (Record no. 25602)
[ view plain ]
| 000 -LEADER | |
|---|---|
| fixed length control field | 01475cam a22003135a 4500 |
| 001 - CONTROL NUMBER | |
| control field | 19410249 |
| 005 - DATE AND TIME OF LATEST TRANSACTION | |
| control field | 20171119104126.0 |
| 008 - FIXED-LENGTH DATA ELEMENTS--GENERAL INFORMATION | |
| fixed length control field | 161216s2017 ilua frb 001 0 eng d |
| 020 ## - INTERNATIONAL STANDARD BOOK NUMBER | |
| International Standard Book Number | 9780838914564 |
| 040 ## - CATALOGING SOURCE | |
| Original cataloging agency | DLC |
| Language of cataloging | eng |
| Transcribing agency | DLC |
| Modifying agency | EG-ScBUE |
| 082 04 - DEWEY DECIMAL CLASSIFICATION NUMBER | |
| Edition number | 22 |
| Classification number | 020.922 |
| Item number | BEN |
| 100 1# - MAIN ENTRY--PERSONAL NAME | |
| Personal name | Benjes-Small, Candice M. |
| 245 14 - TITLE STATEMENT | |
| Title | The new instruction librarian : |
| Remainder of title | a workbook for trainers and learners / |
| Statement of responsibility, etc | Candice Benjes-Small and Rebecca K. Miller. |
| 260 ## - PUBLICATION, DISTRIBUTION, ETC. (IMPRINT) | |
| Place of publication, distribution, etc | Chicago : |
| Name of publisher, distributor, etc | ALA Editions, an imprint of the American Library Association, |
| Date of publication, distribution, etc | 2017. |
| 300 ## - PHYSICAL DESCRIPTION | |
| Extent | xviii, 237 p. : |
| Other physical details | ill. ; |
| Dimensions | 24 cm. |
| 504 ## - BIBLIOGRAPHY, ETC. NOTE | |
| Bibliography, etc | Includes bibliographical references and index. |
| 505 0# - FORMATTED CONTENTS NOTE | |
| Formatted contents note | Identifying as an instruction librarian -- Laying the groundwork -- The many hats we wear -- Colleague -- Instructional designer -- Teacher -- Teaching partner -- Advocate -- Project manager -- Coordinator -- Learner -- Observation -- Performance evaluation and management -- Tools and templates. |
| 650 #7 - SUBJECT ADDED ENTRY--TOPICAL TERM | |
| Topical term or geographic name as entry element | Instruction librarians |
| General subdivision | Training of. |
| Source of heading or term | BUEsh |
| 650 #7 - SUBJECT ADDED ENTRY--TOPICAL TERM | |
| Topical term or geographic name as entry element | Library orientation. |
| Source of heading or term | BUEsh |
| 650 #7 - SUBJECT ADDED ENTRY--TOPICAL TERM | |
| Topical term or geographic name as entry element | Information literacy |
| General subdivision | Study and teaching. |
| Source of heading or term | BUEsh |
| 9 (RLIN) | 41209 |
| 650 #7 - SUBJECT ADDED ENTRY--TOPICAL TERM | |
| Topical term or geographic name as entry element | Academic librarians |
| General subdivision | Training of. |
| Source of heading or term | BUEsh |
| 650 #0 - SUBJECT ADDED ENTRY--TOPICAL TERM | |
| Topical term or geographic name as entry element | Library orientation for college students. |
| Source of heading or term | BUEsh |
| 650 #0 - SUBJECT ADDED ENTRY--TOPICAL TERM | |
| Topical term or geographic name as entry element | Information literacy |
| General subdivision | Study and teaching (Higher). |
| Source of heading or term | BUEsh |
| 651 ## - SUBJECT ADDED ENTRY--GEOGRAPHIC NAME | |
| Source of heading or term | BUEsh |
| 653 ## - INDEX TERM--UNCONTROLLED | |
| Resource For college | Generalities |
| Arrived date list | November2017 |
| 655 ## - INDEX TERM--GENRE/FORM | |
| Form subdivision | Reading book |
| -- | 34232 |
| 700 1# - ADDED ENTRY--PERSONAL NAME | |
| Personal name | Miller, Rebecca K. |
| 942 ## - ADDED ENTRY ELEMENTS (KOHA) | |
| Source of classification or shelving scheme | Dewey Decimal Classification |
| Withdrawn status | Item status | Source of classification or shelving scheme | Damaged status | Not for loan | Vendor | Home library | Current library | Shelving location | Date acquired | Source of acquisition | Cost, normal purchase price | Total Checkouts | Total Renewals | Full call number | Barcode | Checked out | Date last seen | Date last borrowed | Koha item type |
|---|---|---|---|---|---|---|---|---|---|---|---|---|---|---|---|---|---|---|---|
| Dewey Decimal Classification | Baccah | Central Library | Central Library | Lower Floor | 19/11/2017 | Purchase | 1850.00 | 3 | 17 | 020.922 BEN | 000042504 | 19/05/2026 | 09/01/2022 | 09/01/2022 | Book - Borrowing |